000 00915nam a2200229 i 4500
001 141869
003 ES-MaACL
005 20250731020503.0
007 t|
008 070928s1975 sp |||| | spa d
080 _a338(463.01)"15"
100 1 _aViñas y Mey, Carmelo
_9115384
245 1 0 _aNotas sobre primeras materias, capitalismo industrial e inflación en Castilla durante el siglo XVI /
_cpor Carmelo Viñas.
260 _aMadrid :
_b[s.n.],
_c1975.
300 _aP. 339-421 ;
_c24 cm.
500 _aPrecede al tít.: Seminario de Historia Social y Económica. Facultad de Filosofía y Letras de la Universidad de Madrid.
595 _aTirada aparte de "Anuario de historia económica y social"
651 4 _aCastilla-
_xSituación económica
_97978
710 2 _aUniversidad de Madrid.
_bFacultad de Filosofía y Letras.
_97214
852 _aES-MaACL
_jE-8821
999 _c141869
_d141869